| 000 -ლიდერი |
| ფიქსირებული სიგრძის საკონტროლო ველი |
01676nam a2200241Ia 4500 |
| 001 - საკონტროლო ნომერი |
| საკონტროლო ველი |
9119 |
| 003 - საკონტროლო ნომრის იდენტიფიკატორი |
| საკონტროლო ველი |
GE_BSU |
| 005 - ბოლო ოპერაციის თარიღი და დრო |
| საკონტროლო ველი |
20240605115211.0 |
| 008 - ფიქსირებული სიგრძის მონაცემთა ელემენტები - ზოგადი ინფორმაცია |
| ფიქსირებული სიგრძის საკონტროლო ველი |
181216s2013||||ge |||||||||||||| ||geo|| |
| 040 ## - კატალოგიზაციის წყარო |
| Transcribing agency |
GE_BSU |
| 041 ## - ენის კოდი |
| Language code of text/sound track or separate title |
geo |
| 080 ## - უნივერსალური ათობითი კლასიფიკაციის ინდექსი |
| Universal Decimal Classification number |
94(479.223)+82-93 ბ–52 |
| 100 ## - მთავარი ჩანაწერი - პიროვნების სახელი |
| Personal name |
ბერიანიძე, მაყვალა |
| 9 (RLIN) |
22333 |
| 245 ## - ცნობა სათაურის შესახებ |
| Title |
დიდაჭარის პატარა საიდუმლოებები. წ.1 / |
| Statement of responsibility, etc |
მაყვალა ბერიანიძე ; იდეის ავტორი ალექსანდრე მერმანიშვილი ; რედ. ჯემალ ფუტკარაძე. |
| 250 ## - გამოცემის ცნობა |
| Edition statement |
1 გამოცემა |
| 264 ## - წარმოების, გამოცემის, დისტრიბუციის და სხვა ცნობები |
| გამოცემის, წარმოების, დისტრიბუციის... ადგილი |
თბილისი : |
| გამოცემის, წარმოების, დისტრიბუციის... სახელწოდება |
მეგობრობა, |
| გამოცემის, წარმოების, დისტრიბუციის... თარიღი |
2013. |
| 300 ## - ფიზიკური აღწერა |
| Extent |
91გვ. ; |
| Other physical details |
ილ. ; |
| Dimensions |
29სმ. |
| 500 ## - ზოგადი შენიშვნა |
| General note |
პროექტი "ხატიმამული". წიგნი აჭარის ისტორიის პატარა მკვლევარებისათვის.პროექტი ხორციელდება ბათუმისა და ლაზეთის,ჩრდილოეთ ამერიკისა და კანადის მიტროპოლიტ მეუფე დიმიტრის ლოცვა–კურთხევით და თანადგომით |
| 653 ## - INDEX TERM--UNCONTROLLED |
| Uncontrolled term |
დიდაჭარის პატარა საიდუმლოებები |
| 653 ## - INDEX TERM--UNCONTROLLED |
| Uncontrolled term |
საქართველოს ისტორია |
| 700 ## - ADDED ENTRY--PERSONAL NAME |
| Personal name |
ფუტკარაძე, ჯემალ |
| Relator term |
რედაქტორი |
| 9 (RLIN) |
22334 |
| 942 ## - ADDED ENTRY ELEMENTS (KOHA) |
| Koha item type |
წიგნი |
| Source of classification or shelving scheme |
|